Fundamentals of modern manufacturing : (Record no. 8003)

MARC details
000 -LEADER
fixed length control field 00600nam a22001937a 4500
003 - CONTROL NUMBER IDENTIFIER
control field OSt
005 - DATE AND TIME OF LATEST TRANSACTION
control field 20220824121233.0
008 - FIXED-LENGTH DATA ELEMENTS--GENERAL INFORMATION
fixed length control field 220824b ||||| |||| 00| 0 eng d
020 ## - INTERNATIONAL STANDARD BOOK NUMBER
International Standard Book Number 9788126523017
040 ## - CATALOGING SOURCE
Transcribing agency ddc
082 ## - DEWEY DECIMAL CLASSIFICATION NUMBER
Classification number 338.476 GRO 2009
100 ## - MAIN ENTRY--PERSONAL NAME
Personal name Groover, Mikell P.
9 (RLIN) 14800
245 ## - TITLE STATEMENT
Title Fundamentals of modern manufacturing :
Remainder of title materials, processes, and systems
260 ## - PUBLICATION, DISTRIBUTION, ETC. (IMPRINT)
Place of publication, distribution, etc. New York :
Name of publisher, distributor, etc. Wiley;
Date of publication, distribution, etc. 2009
300 ## - PHYSICAL DESCRIPTION
Extent 1,014 pages :
Other physical details illustrations ;
Dimensions 26 cm
504 ## - BIBLIOGRAPHY, ETC. NOTE
Bibliography, etc Includes bibliographical references and index.
650 ## - SUBJECT ADDED ENTRY--TOPICAL TERM
Topical term or geographic name as entry element Production engineering.
9 (RLIN) 2903
942 ## - ADDED ENTRY ELEMENTS (KOHA)
Source of classification or shelving scheme Dewey Decimal Classification
Koha item type Book
Holdings
Withdrawn status Lost status Source of classification or shelving scheme Damaged status Not for loan Home library Current library Date acquired Source of acquisition Inventory number Total Checkouts Full call number Barcode Date last seen Price effective from Koha item type
    Dewey Decimal Classification     MUST Main Library MUST Main Library 24/08/2022 Purchase 22/41976   338.476 GRO 2009 2022-7940 24/08/2022 24/08/2022 Book